Human relations for career and personal success / (Record no. 177)

000 -LEADER
fixed length control field 01106cam a2200337 a 4500
003 - CONTROL NUMBER IDENTIFIER
control field ALUPE UNIVERSITY
005 - DATE AND TIME OF LATEST TRANSACTION
control field 20210604133804.0
008 - FIXED-LENGTH DATA ELEMENTS--GENERAL INFORMATION
fixed length control field 000107s2001 oncac b 001 0 eng d
020 ## - INTERNATIONAL STANDARD BOOK NUMBER
International Standard Book Number 013014634X
040 ## - CATALOGING SOURCE
Transcribing agency CaOTU
055 00 - CLASSIFICATION NUMBERS ASSIGNED IN CANADA
Classification number HF5386
Item number D78 2001 fol.
090 ## - LOCALLY ASSIGNED LC-TYPE CALL NUMBER (OCLC); LOCAL CALL NUMBER (RLIN)
Classification number (OCLC) (R) ; Classification number, CALL (RLIN) (NR) HF5386
Local cutter number (OCLC) ; Book number/undivided call number, CALL (RLIN) .D78 2001
100 1# - MAIN ENTRY--PERSONAL NAME
Personal name DuBrin, Andrew J.
245 10 - TITLE STATEMENT
Title Human relations for career and personal success /
Statement of responsibility, etc. Andrew J. DuBrin, Terri Geerinck.
250 ## - EDITION STATEMENT
Edition statement 2nd Canadian ed.
260 ## - PUBLICATION, DISTRIBUTION, ETC.
Place of publication, distribution, etc. Toronto :
Name of publisher, distributor, etc. Prentice Hall,
Date of publication, distribution, etc. 2001.
300 ## - PHYSICAL DESCRIPTION
Extent xiii, 434 p. :
Other physical details ill., ports. ;
Dimensions 26 cm.
504 ## - BIBLIOGRAPHY, ETC. NOTE
Bibliography, etc. note Includes bibliographical references (p. [413]-428) and index.
650 #0 - SUBJECT ADDED ENTRY--TOPICAL TERM
Topical term or geographic name entry element Success in business.
650 #0 - SUBJECT ADDED ENTRY--TOPICAL TERM
Topical term or geographic name entry element Psychology, Industrial.
650 #0 - SUBJECT ADDED ENTRY--TOPICAL TERM
Topical term or geographic name entry element Interpersonal relations.
650 #6 - SUBJECT ADDED ENTRY--TOPICAL TERM
Topical term or geographic name entry element Succès dans les affaires.
650 #6 - SUBJECT ADDED ENTRY--TOPICAL TERM
Topical term or geographic name entry element Psychologie du travail.
650 #6 - SUBJECT ADDED ENTRY--TOPICAL TERM
Topical term or geographic name entry element Relations humaines.
700 1# - ADDED ENTRY--PERSONAL NAME
Personal name Geerinck, Terri,
Dates associated with a name 1958-
942 ## - ADDED ENTRY ELEMENTS (KOHA)
Source of classification or shelving scheme
Koha item type Book
Suppress in OPAC JO
945 ## - LOCAL PROCESSING INFORMATION (OCLC)
a HF5386.D78 2001
i 30020003464007
l 010101
t 00
y ABJ-3441
Holdings
Withdrawn status Lost status Source of classification or shelving scheme Damaged status Not for loan Permanent Location Current Location Shelving location Date acquired Total Checkouts Full call number Barcode Date last seen Copy number Price effective from Koha item type Public note
          AU LIBRARY AU LIBRARY Open Shelf 15.06.2021   HF5386 .D78 2001 C1 28003118 15.06.2021 1 15.06.2021 Book DO
          AU LIBRARY AU LIBRARY Open Shelf 24.06.2021   HF5386 .D78 2001 C2 28000189 24.06.2021 2 24.06.2021 Book MM

Powered by Koha